Effective Leadership with Course Mate (Record no. 8507)
[ view plain ]
| 000 -LEADER | |
|---|---|
| fixed length control field | 00386nam a22001457a 4500 |
| 003 - CONTROL NUMBER IDENTIFIER | |
| control field | OSt |
| 008 - FIXED-LENGTH DATA ELEMENTS--GENERAL INFORMATION | |
| fixed length control field | 200220b ||||| |||| 00| 0 eng d |
| 020 ## - INTERNATIONAL STANDARD BOOK NUMBER | |
| International Standard Book Number | 9788131533635 |
| 082 ## - DEWEY DECIMAL CLASSIFICATION NUMBER | |
| Classification number | 658.4092 |
| Item number | ACE |
| 100 ## - MAIN ENTRY--PERSONAL NAME | |
| Personal name | ACHU,Charistopher F & LUSSIER, Robert N. |
| 245 ## - TITLE STATEMENT | |
| Title | Effective Leadership with Course Mate |
| 250 ## - EDITION STATEMENT | |
| Edition statement | Reprint 2013 |
| 260 ## - PUBLICATION, DISTRIBUTION, ETC. (IMPRINT) | |
| Place of publication, distribution, etc | New Delhi |
| Name of publisher, distributor, etc | Cengage Learning |
| 942 00 - ADDED ENTRY ELEMENTS (KOHA) | |
| Source of classification or shelving scheme | Dewey Decimal Classification |
| Withdrawn status | Lost status | Source of classification or shelving scheme | Damaged status | Not for loan | Collection code | Home library | Current library | Date acquired | Source of acquisition | Currency | Cost, normal purchase price | Bill Number | Total Checkouts | Full call number | Acc. no. / Barcode | Checked out | Date last seen | Date last borrowed | Copy number | Actual Cost, discounted price | Bill Date | Koha item type | Public note |
|---|---|---|---|---|---|---|---|---|---|---|---|---|---|---|---|---|---|---|---|---|---|---|---|
| Dewey Decimal Classification | MBA | PIET C-LIBRARY | PIET C-LIBRARY | 20/02/2020 | KIRTI PRAKASHAN NEW DELHI | IN Rupees | 725.00 | IN6389 | 2 | 658.4092 ACE | 31698 | 11/07/2024 | 13/01/2024 | 13/01/2024 | 1 | 507.00 | 11/02/2020 | Text Books | . | ||||
| Dewey Decimal Classification | MBA | PIET C-LIBRARY | PIET C-LIBRARY | 20/02/2020 | KIRTI PRAKASHAN NEW DELHI | IN Rupees | 725.00 | IN6389 | 658.4092 ACE | 31699 | 20/02/2020 | 2 | 507.00 | 11/02/2020 | Text Books |